<?xml version="1.0" encoding="UTF-8"?>
<record
    xmlns:xsi="http://www.w3.org/2001/XMLSchema-instance"
    xsi:schemaLocation="http://www.loc.gov/MARC21/slim http://www.loc.gov/standards/marcxml/schema/MARC21slim.xsd"
    xmlns="http://www.loc.gov/MARC21/slim">

  <leader>00694nam a22001577a 4500</leader>
  <controlfield tag="003">OSt</controlfield>
  <controlfield tag="005">20150913101625.0</controlfield>
  <controlfield tag="008">150913b        xxu||||| |||| 00| 0 eng d</controlfield>
  <datafield tag="040" ind1=" " ind2=" ">
    <subfield code="c">RUA </subfield>
  </datafield>
  <datafield tag="082" ind1=" " ind2=" ">
    <subfield code="a">AGR PRO 1997 B019 Or.1</subfield>
  </datafield>
  <datafield tag="100" ind1=" " ind2=" ">
    <subfield code="9">370</subfield>
    <subfield code="a">PROM, NGA.</subfield>
  </datafield>
  <datafield tag="245" ind1=" " ind2=" ">
    <subfield code="a">Developing community based rat management programme in kompongro district, srayrieng province &#x1780;&#x1798;&#x17D2;&#x1798;&#x179C;&#x17B7;&#x1792;&#x17B8;&#x1782;&#x17D2;&#x179A;&#x1794;&#x17CB;&#x1782;&#x17D2;&#x179A;&#x1784;&#x179F;&#x178F;&#x17D2;&#x179C;&#x1780;&#x178E;&#x17D2;&#x178A;&#x17BB;&#x179A;&#x178F;&#x17B6;&#x1798;&#x179A;&#x1799;&#x17C8;&#x1780;&#x17B6;&#x179A;&#x17A2;&#x1797;&#x17B7;&#x179C;&#x178C;&#x17D2;&#x178D;&#x1793;&#x17CD;&#x179F;&#x17A0;&#x1782;&#x1798;&#x1793;&#x17CD; &#x1793;&#x17C5;&#x179F;&#x17D2;&#x179A;&#x17BB;&#x1780;&#x1780;&#x17C6;&#x1796;&#x1784;&#x17CB;&#x179A;&#x17C4;&#x1791;&#x17B7;&#x17CD; &#x1781;&#x17C1;&#x178F;&#x17D2;&#x178A;&#x179F;&#x17D2;&#x179C;&#x17B6;&#x1799;&#x179A;&#x17C0;&#x1784;</subfield>
  </datafield>
  <datafield tag="260" ind1=" " ind2=" ">
    <subfield code="a">Phnom Penh</subfield>
    <subfield code="b">RUA</subfield>
    <subfield code="c">1997</subfield>
  </datafield>
  <datafield tag="300" ind1=" " ind2=" ">
    <subfield code="a">87p.</subfield>
    <subfield code="b">ill.</subfield>
    <subfield code="c">29cm.</subfield>
  </datafield>
  <datafield tag="942" ind1=" " ind2=" ">
    <subfield code="2">ddc</subfield>
    <subfield code="c">AGR</subfield>
  </datafield>
  <datafield tag="999" ind1=" " ind2=" ">
    <subfield code="c">350</subfield>
    <subfield code="d">350</subfield>
  </datafield>
  <datafield tag="952" ind1=" " ind2=" ">
    <subfield code="0">0</subfield>
    <subfield code="1">0</subfield>
    <subfield code="2">ddc</subfield>
    <subfield code="4">0</subfield>
    <subfield code="6">AGR_PRO_1997_000000000000000_B019_OR_1</subfield>
    <subfield code="7">0</subfield>
    <subfield code="9">1635</subfield>
    <subfield code="a">LBB</subfield>
    <subfield code="b">LBB</subfield>
    <subfield code="c">B019</subfield>
    <subfield code="d">2015-09-13</subfield>
    <subfield code="l">1</subfield>
    <subfield code="o">AGR PRO 1997 B019 Or.1</subfield>
    <subfield code="p">RUA003394</subfield>
    <subfield code="q">2017-03-11</subfield>
    <subfield code="r">2017-02-03</subfield>
    <subfield code="s">2017-02-03</subfield>
    <subfield code="w">2015-09-13</subfield>
    <subfield code="y">AGR</subfield>
  </datafield>
  <datafield tag="952" ind1=" " ind2=" ">
    <subfield code="0">0</subfield>
    <subfield code="1">0</subfield>
    <subfield code="2">ddc</subfield>
    <subfield code="4">0</subfield>
    <subfield code="6">AGR_PRO_1997_000000000000000_B019_OR_2</subfield>
    <subfield code="7">0</subfield>
    <subfield code="9">1636</subfield>
    <subfield code="a">LBB</subfield>
    <subfield code="b">LBB</subfield>
    <subfield code="c">B019</subfield>
    <subfield code="d">2015-09-13</subfield>
    <subfield code="l">1</subfield>
    <subfield code="m">1</subfield>
    <subfield code="o">AGR PRO 1997 B019 Or.2</subfield>
    <subfield code="p">RUA003395</subfield>
    <subfield code="r">2016-07-12</subfield>
    <subfield code="s">2016-07-05</subfield>
    <subfield code="w">2015-09-13</subfield>
    <subfield code="y">AGR</subfield>
  </datafield>
  <datafield tag="952" ind1=" " ind2=" ">
    <subfield code="0">0</subfield>
    <subfield code="1">0</subfield>
    <subfield code="2">ddc</subfield>
    <subfield code="4">0</subfield>
    <subfield code="6">AGR_PRO_1997_000000000000000_B019_OR_3</subfield>
    <subfield code="7">0</subfield>
    <subfield code="9">1637</subfield>
    <subfield code="a">LBB</subfield>
    <subfield code="b">LBB</subfield>
    <subfield code="c">B019</subfield>
    <subfield code="d">2015-09-13</subfield>
    <subfield code="o">AGR PRO 1997 B019 Or.3</subfield>
    <subfield code="p">RUA003322</subfield>
    <subfield code="r">2015-09-13</subfield>
    <subfield code="w">2015-09-13</subfield>
    <subfield code="y">AGR</subfield>
  </datafield>
  <datafield tag="952" ind1=" " ind2=" ">
    <subfield code="0">0</subfield>
    <subfield code="1">0</subfield>
    <subfield code="2">ddc</subfield>
    <subfield code="4">0</subfield>
    <subfield code="6">AGR_PRO_1997_000000000000000_B019_OR_4</subfield>
    <subfield code="7">0</subfield>
    <subfield code="9">1638</subfield>
    <subfield code="a">LBB</subfield>
    <subfield code="b">LBB</subfield>
    <subfield code="c">B019</subfield>
    <subfield code="d">2015-09-13</subfield>
    <subfield code="o">AGR PRO 1997 B019 Or.4</subfield>
    <subfield code="p">RUA003467</subfield>
    <subfield code="r">2015-09-13</subfield>
    <subfield code="w">2015-09-13</subfield>
    <subfield code="y">AGR</subfield>
  </datafield>
  <datafield tag="952" ind1=" " ind2=" ">
    <subfield code="0">0</subfield>
    <subfield code="1">0</subfield>
    <subfield code="2">ddc</subfield>
    <subfield code="4">0</subfield>
    <subfield code="6">AGR_PRO_1997_000000000000000_B019_OR_5</subfield>
    <subfield code="7">0</subfield>
    <subfield code="9">1639</subfield>
    <subfield code="a">LBB</subfield>
    <subfield code="b">LBB</subfield>
    <subfield code="c">B019</subfield>
    <subfield code="d">2015-09-13</subfield>
    <subfield code="l">1</subfield>
    <subfield code="o">AGR PRO 1997 B019 Or.5</subfield>
    <subfield code="p">RUA003539</subfield>
    <subfield code="r">2022-06-27</subfield>
    <subfield code="s">2022-06-14</subfield>
    <subfield code="w">2015-09-13</subfield>
    <subfield code="y">AGR</subfield>
  </datafield>
  <datafield tag="952" ind1=" " ind2=" ">
    <subfield code="0">0</subfield>
    <subfield code="1">0</subfield>
    <subfield code="2">ddc</subfield>
    <subfield code="4">0</subfield>
    <subfield code="6">AGR_PRO_1997_000000000000000_B019_OR_6</subfield>
    <subfield code="7">0</subfield>
    <subfield code="9">1640</subfield>
    <subfield code="a">LBB</subfield>
    <subfield code="b">LBB</subfield>
    <subfield code="c">B019</subfield>
    <subfield code="d">2015-09-13</subfield>
    <subfield code="o">AGR PRO 1997 B019 Or.6</subfield>
    <subfield code="p">RUA008175</subfield>
    <subfield code="r">2015-09-13</subfield>
    <subfield code="w">2015-09-13</subfield>
    <subfield code="y">AGR</subfield>
  </datafield>
  <datafield tag="952" ind1=" " ind2=" ">
    <subfield code="0">0</subfield>
    <subfield code="1">0</subfield>
    <subfield code="2">ddc</subfield>
    <subfield code="4">0</subfield>
    <subfield code="6">AGR_PRO_1997_000000000000000_B019_OR_7</subfield>
    <subfield code="7">0</subfield>
    <subfield code="9">1641</subfield>
    <subfield code="a">LBB</subfield>
    <subfield code="b">LBB</subfield>
    <subfield code="c">B019</subfield>
    <subfield code="d">2015-09-13</subfield>
    <subfield code="o">AGR PRO 1997 B019 Or.7</subfield>
    <subfield code="p">RUA003179</subfield>
    <subfield code="r">2015-09-13</subfield>
    <subfield code="w">2015-09-13</subfield>
    <subfield code="y">AGR</subfield>
  </datafield>
  <datafield tag="952" ind1=" " ind2=" ">
    <subfield code="0">0</subfield>
    <subfield code="1">0</subfield>
    <subfield code="2">ddc</subfield>
    <subfield code="4">0</subfield>
    <subfield code="6">AGR_PRO_1997_000000000000000_B019_OR_8</subfield>
    <subfield code="7">0</subfield>
    <subfield code="9">1642</subfield>
    <subfield code="a">LBB</subfield>
    <subfield code="b">LBB</subfield>
    <subfield code="c">B019</subfield>
    <subfield code="d">2015-09-13</subfield>
    <subfield code="o">AGR PRO 1997 B019 Or.8</subfield>
    <subfield code="p">RUA003751</subfield>
    <subfield code="r">2015-09-13</subfield>
    <subfield code="w">2015-09-13</subfield>
    <subfield code="y">AGR</subfield>
  </datafield>
  <datafield tag="952" ind1=" " ind2=" ">
    <subfield code="0">0</subfield>
    <subfield code="1">0</subfield>
    <subfield code="2">ddc</subfield>
    <subfield code="4">0</subfield>
    <subfield code="6">AGR_PRO_1997_000000000000000_B019_OR_9</subfield>
    <subfield code="7">0</subfield>
    <subfield code="9">1643</subfield>
    <subfield code="a">LBB</subfield>
    <subfield code="b">LBB</subfield>
    <subfield code="c">B019</subfield>
    <subfield code="d">2015-09-13</subfield>
    <subfield code="o">AGR PRO 1997 B019 Or.9</subfield>
    <subfield code="p">RUA003754</subfield>
    <subfield code="r">2015-09-13</subfield>
    <subfield code="w">2015-09-13</subfield>
    <subfield code="y">AGR</subfield>
  </datafield>
  <datafield tag="952" ind1=" " ind2=" ">
    <subfield code="0">0</subfield>
    <subfield code="1">0</subfield>
    <subfield code="2">ddc</subfield>
    <subfield code="4">0</subfield>
    <subfield code="6">AGR_PRO_1997_000000000000000_B019_OR_10</subfield>
    <subfield code="7">0</subfield>
    <subfield code="9">1644</subfield>
    <subfield code="a">LBB</subfield>
    <subfield code="b">LBB</subfield>
    <subfield code="c">B019</subfield>
    <subfield code="d">2015-09-13</subfield>
    <subfield code="l">1</subfield>
    <subfield code="o">AGR PRO 1997 B019 Or.10</subfield>
    <subfield code="p">RUA003961</subfield>
    <subfield code="r">2019-08-13</subfield>
    <subfield code="s">2019-07-01</subfield>
    <subfield code="w">2015-09-13</subfield>
    <subfield code="y">AGR</subfield>
  </datafield>
  <datafield tag="952" ind1=" " ind2=" ">
    <subfield code="0">0</subfield>
    <subfield code="1">0</subfield>
    <subfield code="2">ddc</subfield>
    <subfield code="4">0</subfield>
    <subfield code="6">AGR_PRO_1997_000000000000000_B019_OR_11</subfield>
    <subfield code="7">0</subfield>
    <subfield code="9">1645</subfield>
    <subfield code="a">LBB</subfield>
    <subfield code="b">LBB</subfield>
    <subfield code="c">B019</subfield>
    <subfield code="d">2015-09-13</subfield>
    <subfield code="o">AGR PRO 1997 B019 Or.11</subfield>
    <subfield code="p">RUA003967</subfield>
    <subfield code="r">2015-09-13</subfield>
    <subfield code="w">2015-09-13</subfield>
    <subfield code="y">AGR</subfield>
  </datafield>
</record>
